Návrh riešenia školskej počítačovej wifi siete a možností jej zabezpečenia bakalárska práca

Saved in:
Bibliographic Details
Main Author: Štolovský, Matej
Corporate Author: Fakulta hospodárskej informatiky EU. Katedra aplikovanej informatiky
Other Authors: Schmidt, Peter, 1968-
Format: Book
Language:Slovak
Published: Bratislava 2015
Tags: Add Tag
No Tags, Be the first to tag this record!

MARC

LEADER 00000nbm a2200000 4500
001 0204124
005 20161212113730.5
041 0 |a slo 
044 |a SK 
245 1 0 |a Návrh riešenia školskej počítačovej wifi siete a možností jej zabezpečenia  |b bakalárska práca  |c Matej Štolovský ; školiteľ: Peter Schmidt 
264 1 |a Bratislava  |c 2015 
300 |a 63 s. 
100 1 |a Štolovský, Matej 
700 1 |a Schmidt, Peter, 1968- 
710 2 |a Fakulta hospodárskej informatiky EU. Katedra aplikovanej informatiky